ČSSR na čele skupiny Futbalové ME hráčov do 18 rokov

Bibliographic Details
Main Author: (sč) (Author)
Format: Article
Language:Slovak
Subjects:

MARC

LEADER 00000nab a2200000 a 4500
001 vtls000151940
003 SK-MaSNL
005 20260302210345.0
008 111104c1983 xo 0 slo
015 |a SNBRB19rr/mm-uuuuu 
035 |a CL0162047 
040 |a SNKBUCL  |b slo  |c SNKBUCL  |e AACR2 
041 0 |a slo 
044 |a xo  |c SK 
080 |a 796.332.093.1(4)  |2 1981 
100 1 |a (sč)  |4 aut  |9 853714 
245 1 0 |a ČSSR na čele skupiny  |b Futbalové ME hráčov do 18 rokov  |c (sč) 
650 0 7 |a futbal  |2 snkbucl  |9 3291 
655 7 |a články z novín a časopisov  |2 snkbucl  |9 267496 
773 0 |t Šport  |g Roč. 37, č. 113 (16. 5. 1983), s. 6 
850 |a Slovenská národná knižnica v Martine  |a MTA001 
852 |a SNK  |b KIS3GCP 
958 |a RK 
992 |a RBX 
999 |c 1482213  |d 1484143